[Event "Staufer op 34th"]
[Site "Schwaebisch Gmuend"]
[Date "2024.01.04"]
[Round "6"]
[White "Kolbus, Dietmar"]
[Black "Heinemann, Josefine"]
[Result "1/2-1/2"]
[WhiteElo "2222"]
[BlackElo "2361"]
[PlyCount "72"]
[EventDate "2024.01.02"]
[EventType "swiss"]
[EventRounds "9"]
[EventCountry "GER"]
[SourceTitle "CB02_2024"]
[SourceDate "2024.01.10"]
[SourceVersion "1"]
[SourceVersionDate "2024.01.10"]
[SourceQuality "1"]

1. Nf3 d5 2. d4 Nf6 3. c4 e6 4. Nc3 c5 5. cxd5 Nxd5 6. e4 Nxc3 7. bxc3 cxd4 8. cxd4 Bb4+ 9. Bd2 Bxd2+ 10. Qxd2 0-0 11. Be2 b6 12. 0-0 Bb7 13. Qe3 Nc6 14. Bb5 Qd6 15. Rfd1 Rfd8 16. a3 h6 17. h3 Rac8 18. Rac1 a6 19. Be2 b5 20. Rc3 Ne7 21. Rxc8 Rxc8 22. Ne1 Nc6 23. d5 exd5 24. Rxd5 Qe7 25. Bg4 Rd8 26. Rxd8+ Qxd8 27. Nd3 Qd4 28. Qxd4 Nxd4 29. Nc5 Ba8 30. Nxa6 Nc2 31. Nb4 Nxa3 32. f3 Kf8 33. Kf2 Ke7 34. Ke3 Kd6 35. Kd4 f6 36. Bh5 Bc6 1/2-1/2

[Event "FIDE Grand Swiss"]
[Site "Douglas"]
[Date "2023.10.26"]
[Round "2"]
[White "Yakubboev, Nodirbek"]
[Black "Kolbus, Dietmar"]
[Result "1-0"]
[WhiteElo "2616"]
[BlackElo "2225"]
[PlyCount "71"]
[EventDate "2023.10.25"]
[EventType "swiss"]
[EventRounds "11"]
[EventCountry "IOM"]
[SourceTitle "Mega2024 Update 01"]
[Source "Chessbase"]
[SourceDate "2023.11.12"]
[SourceVersion "1"]
[SourceVersionDate "2023.11.12"]
[SourceQuality "1"]

1. c4 c5 2. g3 g6 3. Bg2 Bg7 4. Nc3 Nc6 5. d3 Nf6 6. e4 d6 7. Nge2 Nd7 8. 0-0 Nf8 9. h3 Ne6 10. f4 Ned4 11. Nxd4 cxd4 12. Nb1 e6 13. Nd2 0-0 14. Nf3 Ne7 15. g4 f5 16. Qe2 fxe4 17. Qxe4 d5 18. cxd5 exd5 19. Qe1 Nc6 20. Bd2 Re8 21. Qd1 Qd6 22. Qb3 a5 23. Rae1 Bd7 24. Ng5 Ne7 25. f5 gxf5 26. gxf5 Bf6 27. Ne4 Qa6 28. Nxf6+ Qxf6 29. Qxb7 Bc6 30. Qc7 Nxf5 31. Rxf5 Rxe1+ 32. Bxe1 Qxf5 33. Qxc6 Rd8 34. Bxa5 Rd7 35. Qc8+ Kf7 36. Bb6 1-0

[Event "GBR-ch 109th"]
[Site "Leicester"]
[Date "2023.07.26"]
[Round "5"]
[White "Kolbus, Dietmar"]
[Black "Smith, Olivia"]
[Result "0-1"]
[WhiteElo "2270"]
[BlackElo "2042"]
[PlyCount "100"]
[EventDate "2023.07.22"]
[EventType "swiss"]
[EventRounds "9"]
[EventCountry "ENG"]
[SourceTitle "CBM 215 Extra"]
[Source "ChessBase"]
[SourceDate "2023.09.30"]
[SourceVersion "1"]
[SourceVersionDate "2023.09.30"]
[SourceQuality "1"]

1. c4 Nf6 2. Nc3 g6 3. g3 Bg7 4. Bg2 0-0 5. d4 d6 6. Nf3 Nc6 7. 0-0 e5 8. d5 Ne7 9. Nd2 a5 10. Re1 h6 11. Nf1 Nh7 12. e4 Ng5 13. Qe2 f5 14. Bxg5 hxg5 15. f3 Bf6 16. g4 Kg7 17. Ne3 Rh8 18. h3 Rh4 19. Ned1 c6 20. Nf2 b5 21. cxb5 cxd5 22. exd5 Bb7 23. Rad1 Rc8 24. Rd2 Rc5 25. Red1 Qa8 26. Na4 Rc7 27. b3 Rh8 28. b6 Rcc8 29. Qb5 Rhd8 30. Bf1 Kf7 31. Bc4 Kg7 32. Kg2 Rh8 33. Be2 Rhd8 34. Bc4 Rh8 35. b4 axb4 36. Qxb4 Rhd8 37. a3 Kf7 38. Bb5 Kg7 39. Rd3 Nxd5 40. Rxd5 Bxd5 41. Rd3 e4 42. fxe4 fxe4 43. Re3 Rc2 44. Kg1 Be5 45. Nxe4 Rf8 46. Bd3 Rc1+ 47. Kg2 Qc8 48. Re2 Rff1 49. Rf2 Rg1+ 50. Kf3 Rce1 0-1

[Event "Bodensee op"]
[Site "Bregenz"]
[Date "2023.05.20"]
[Round "8"]
[White "Kolbus, Dietmar"]
[Black "Besou, Hussain"]
[Result "1/2-1/2"]
[WhiteElo "2277"]
[BlackElo "2304"]
[PlyCount "84"]
[EventDate "2023.05.13"]
[EventType "swiss"]
[EventRounds "9"]
[EventCountry "AUT"]
[SourceTitle "CBM 215 Extra"]
[Source "ChessBase"]
[SourceDate "2023.09.30"]
[SourceVersion "1"]
[SourceVersionDate "2023.09.30"]
[SourceQuality "1"]

1. Nf3 d5 2. d4 Nf6 3. c4 e6 4. e3 Be7 5. Nc3 0-0 6. a3 b6 7. Be2 dxc4 8. Bxc4 Bb7 9. 0-0 Nbd7 10. Qe2 c5 11. dxc5 Bxc5 12. Ba6 Bxa6 13. Qxa6 Bd6 14. Qe2 Qe7 15. Nb5 Bb8 16. Bd2 a6 17. Bb4 Nc5 18. Nbd4 Bd6 19. Rfd1 Rfc8 20. Rac1 a5 21. Bxc5 Bxc5 22. Nb3 Nd5 23. Nxc5 Rxc5 24. Rxc5 Qxc5 25. Qd2 Rc8 26. Nd4 h5 27. Nb3 Qb5 28. Rc1 Rxc1+ 29. Nxc1 h4 30. h3 Qc4 31. Nd3 Qc7 32. Qc1 Qd8 33. Qc4 Qf6 34. Qc8+ Kh7 35. Qc4 g5 36. Qe4+ Kg7 37. Qc4 Kg6 38. Qe4+ Qf5 39. Qd4 Qf6 40. Qe4+ Qf5 41. Qd4 Qf6 42. Qe4+ Qf5 1/2-1/2

[Event "Bodensee op"]
[Site "Bregenz"]
[Date "2023.05.18"]
[Round "6"]
[White "Kolbus, Dietmar"]
[Black "Lohia, Sohum"]
[Result "1/2-1/2"]
[WhiteElo "2277"]
[BlackElo "2178"]
[PlyCount "53"]
[EventDate "2023.05.13"]
[EventType "swiss"]
[EventRounds "9"]
[EventCountry "AUT"]
[SourceTitle "CBM 215 Extra"]
[Source "ChessBase"]
[SourceDate "2023.09.30"]
[SourceVersion "1"]
[SourceVersionDate "2023.09.30"]
[SourceQuality "1"]

1. Nf3 Nf6 2. b3 e6 3. Bb2 d5 4. g3 c5 5. Bg2 Nc6 6. 0-0 Be7 7. d4 0-0 8. c4 dxc4 9. bxc4 cxd4 10. Nxd4 Bd7 11. Nxc6 Bxc6 12. Bxc6 bxc6 13. Qc2 Qa5 14. Nd2 Rfd8 15. Nf3 Rab8 16. Bc3 Qc5 17. Bd2 Ng4 18. h3 Ne5 19. Nxe5 Qxe5 20. Bc3 Qh5 21. Kg2 Bb4 22. Bxb4 Rxb4 23. Rab1 Rxb1 24. Rxb1 Qe5 25. Rd1 Rxd1 26. Qxd1 g6 27. Qc2 1/2-1/2

[Event "Bodensee op"]
[Site "Bregenz"]
[Date "2023.05.17"]
[Round "5"]
[White "Anwesh, Upadhyaya"]
[Black "Kolbus, Dietmar"]
[Result "1/2-1/2"]
[WhiteElo "2340"]
[BlackElo "2277"]
[PlyCount "85"]
[EventDate "2023.05.13"]
[EventType "swiss"]
[EventRounds "9"]
[EventCountry "AUT"]
[SourceTitle "CBM 215 Extra"]
[Source "ChessBase"]
[SourceDate "2023.09.30"]
[SourceVersion "1"]
[SourceVersionDate "2023.09.30"]
[SourceQuality "1"]

1. e4 c6 2. d4 d5 3. Nd2 dxe4 4. Nxe4 Bf5 5. Ng3 Bg6 6. h4 h6 7. Nf3 Nd7 8. h5 Bh7 9. Bd3 Bxd3 10. Qxd3 e6 11. Bd2 Ngf6 12. 0-0-0 Bd6 13. Kb1 Qc7 14. Ne4 Nxe4 15. Qxe4 Nf6 16. Qe2 0-0-0 17. c4 Qe7 18. Ne5 Kb8 19. Bc3 Rc8 20. Rh3 Rhd8 21. Rhd3 Ka8 22. f4 Bc7 23. Qf3 Bb8 24. Ba5 Rg8 25. Rb3 Nd7 26. Rdd3 Bxe5 27. fxe5 f5 28. Bb4 Qg5 29. Bd6 g6 30. Ra3 Nb8 31. Rdb3 Rg7 32. hxg6 Qxg6 33. Rd3 Qxg2 34. Qxg2 Rxg2 35. Rg3 Rg8 36. Rxg8 Rxg8 37. Rh3 Rg6 38. Bf8 b5 39. Kc2 bxc4 40. Kc3 Nd7 41. Bxh6 Kb7 42. Bd2 c5 43. Be3 1/2-1/2

[Event "Bodensee op"]
[Site "Bregenz"]
[Date "2023.05.15"]
[Round "3"]
[White "Felgendreher, Heiko"]
[Black "Kolbus, Dietmar"]
[Result "1/2-1/2"]
[WhiteElo "2129"]
[BlackElo "2277"]
[PlyCount "58"]
[EventDate "2023.05.13"]
[EventType "swiss"]
[EventRounds "9"]
[EventCountry "AUT"]
[SourceTitle "CBM 215 Extra"]
[Source "ChessBase"]
[SourceDate "2023.09.30"]
[SourceVersion "1"]
[SourceVersionDate "2023.09.30"]
[SourceQuality "1"]

1. e4 c6 2. d4 d5 3. exd5 cxd5 4. c4 Nf6 5. Nc3 e6 6. Nf3 Be7 7. c5 0-0 8. Bg5 Ne4 9. Bxe7 Qxe7 10. Qc2 Nxc3 11. Qxc3 a5 12. Bd3 Nc6 13. 0-0 Bd7 14. b3 b6 15. cxb6 Rfb8 16. h4 Rxb6 17. Rfc1 Be8 18. Be2 h6 19. Qe3 a4 20. Bd1 axb3 21. Bxb3 Qd6 22. Rc5 Rba6 23. a4 Ra5 24. Rac1 Rxc5 25. Rxc5 Ra5 26. Rc3 Ra8 27. Rc5 Ra5 28. Rc3 Ra8 29. Rc5 Ra5 1/2-1/2

[Event "Reykjavik op"]
[Site "Reykjavik"]
[Date "2023.03.30"]
[Round "3"]
[White "Richter, Michael"]
[Black "Kolbus, Dietmar"]
[Result "1/2-1/2"]
[WhiteElo "2466"]
[BlackElo "2273"]
[PlyCount "109"]
[EventDate "2023.03.29"]
[EventType "swiss"]
[EventRounds "9"]
[EventCountry "ISL"]
[SourceTitle "CBM 213 Extra"]
[Source "ChessBase"]
[SourceDate "2023.05.31"]
[SourceVersion "1"]
[SourceVersionDate "2023.05.31"]
[SourceQuality "1"]

1. d4 d5 2. Nf3 Nf6 3. e3 e6 4. Bd3 Nbd7 5. 0-0 c5 6. b3 Be7 7. Bb2 0-0 8. Nbd2 b6 9. c4 Bb7 10. Rc1 Ne4 11. Qc2 f5 12. Rfd1 Rc8 13. Nf1 Qc7 14. Ng3 g6 15. cxd5 exd5 16. dxc5 bxc5 17. Be2 Bf6 18. Bxf6 Nexf6 19. b4 c4 20. Qc3 Rfe8 21. Qd4 Qb6 22. a4 Qxd4 23. Nxd4 a6 24. Bf1 Ne5 25. Rb1 Nc6 26. Nxc6 Rxc6 27. Ne2 Kf7 28. g3 Bc8 29. Bg2 Be6 30. Nc3 Rd8 31. b5 axb5 32. Rxb5 Rcd6 33. a5 Ke7 34. Ra1 Ra6 35. Kf1 Rd7 36. Ke2 Kd8 37. h3 Kc8 38. Rab1 Rda7 39. Bxd5 Nxd5 40. Nxd5 Bxd5 41. Rxd5 Rxa5 42. Rxa5 Rxa5 43. Rc1 Rc5 44. Kd2 Kd7 45. Kc3 Ke6 46. Rd1 h5 47. f4 Ra5 48. Kxc4 Ra2 49. Rg1 Rh2 50. h4 Rd2 51. Kc3 Ra2 52. Kd4 Rd2+ 53. Kc4 Rc2+ 54. Kd3 Ra2 55. Kd4 1/2-1/2

[Event "BCF-chT 2223 (4NCL)"]
[Site "England"]
[Date "2023.03.19"]
[Round "8.3"]
[White "Serbanescu, Diana Maria"]
[Black "Kolbus, Dietmar"]
[Result "0-1"]
[WhiteElo "1976"]
[BlackElo "2292"]
[PlyCount "184"]
[EventDate "2022.10.22"]
[EventType "team-swiss"]
[EventRounds "11"]
[EventCountry "ENG"]
[SourceTitle "CBM 213 Extra"]
[Source "ChessBase"]
[SourceDate "2023.05.31"]
[SourceVersion "1"]
[SourceVersionDate "2023.05.31"]
[SourceQuality "1"]
[WhiteTeam "Celtic Tigers"]
[BlackTeam "Chess.com Manx Liberty"]
[WhiteTeamCountry "ENG"]
[BlackTeamCountry "ENG"]

1. e4 d5 2. exd5 Qxd5 3. Nc3 Qd6 4. d4 Nf6 5. Nge2 c6 6. a3 Bf5 7. Bf4 Qd8 8. Qd2 e6 9. Ng3 Bg6 10. Be2 Nbd7 11. h4 h6 12. h5 Bh7 13. Bd3 Bxd3 14. Qxd3 Nb6 15. Nge4 Nxe4 16. Nxe4 Qd5 17. 0-0-0 0-0-0 18. Kb1 Qb5 19. Qxb5 cxb5 20. Nc3 a6 21. Rd3 Bd6 22. Bxd6 Rxd6 23. Rhd1 Nd5 24. Nxd5 Rxd5 25. g4 Rhd8 26. f3 Kd7 27. c3 Ke7 28. Kc2 Kf6 29. b3 Rc8 30. Re1 Rc7 31. Re2 g6 32. hxg6 Kxg6 33. Re1 h5 34. gxh5+ Rxh5 35. Re2 Kf6 36. Rg2 Rc8 37. Re3 Rh1 38. Rf2 Ra1 39. Kb2 Rd1 40. Kc2 Rxd4 41. Rh2 Rd5 42. Rh6+ Kg7 43. Rh2 Rcd8 44. Rg2+ Kf6 45. Rh2 Rd1 46. c4 bxc4 47. bxc4 R1d4 48. Rc3 Rc8 49. Kb3 Rc6 50. a4 Rb6+ 51. Ka3 a5 52. Rh5 Rb4 53. Rxa5 Rdxc4 54. Rxc4 Rxc4 55. Rb5 Rc7 56. Kb4 Ke7 57. Ka5 Kd8 58. f4 Kc8 59. f5 Rc6 60. fxe6 Ra6+ 61. Kb4 Rxe6 62. Rf5 f6 63. a5 Kc7 64. Kc4 Kb8 65. Rh5 Ka7 66. Rh7 Ka6 67. Rf7 Re4+ 68. Kd3 Rf4 69. Ke3 Rf1 70. Ke2 Rf5 71. Ke3 Rb5 72. Rxf6+ Kxa5 73. Kd4 Rb3 74. Kc4 Ka4 75. Rf8 b5+ 76. Kc5 Rc3+ 77. Kd4 b4 78. Ra8+ Kb3 79. Rb8 Rh3 80. Rb7 Rh4+ 81. Kd3 Kb2 82. Kd2 b3 83. Rb8 Rd4+ 84. Ke3 Rd7 85. Ke2 Kc2 86. Rc8+ Kb1 87. Rb8 b2 88. Rb6 Rd5 89. Rb8 Ra5 90. Kd2 Ka2 91. Kc2 b1Q+ 92. Rxb1 Rc5+ 0-1

[Event "BCF-chT 2223 (4NCL)"]
[Site "England"]
[Date "2023.01.15"]
[Round "4.2"]
[White "Khoury, Theo"]
[Black "Kolbus, Dietmar"]
[Result "1/2-1/2"]
[WhiteElo "1848"]
[BlackElo "2292"]
[PlyCount "136"]
[EventDate "2022.10.22"]
[EventType "team-swiss"]
[EventRounds "11"]
[EventCountry "ENG"]
[SourceTitle "CBM 213 Extra"]
[Source "ChessBase"]
[SourceDate "2023.05.31"]
[SourceVersion "1"]
[SourceVersionDate "2023.05.31"]
[SourceQuality "1"]
[WhiteTeam "West is Best"]
[BlackTeam "Chess.com Manx Liberty"]
[WhiteTeamCountry "ENG"]
[BlackTeamCountry "ENG"]

1. e4 c5 2. c3 e5 3. Nf3 Nc6 4. Bc4 Bd6 5. d4 cxd4 6. cxd4 Nxd4 7. Nxd4 exd4 8. Qxd4 Qf6 9. Qxf6 Nxf6 10. Nc3 a6 11. Bg5 Be5 12. 0-0-0 b5 13. Bb3 Bb7 14. Bxf6 Bxf6 15. Bxf7+ Ke7 16. Bd5 Bc6 17. f4 Bxc3 18. bxc3 Rac8 19. Kb2 Rc7 20. Bxc6 Rxc6 21. Rd5 d6 22. Rhd1 Rhc8 23. R1d3 R8c7 24. a3 Rc4 25. R5d4 R4c6 26. g4 h6 27. h4 Rb6 28. g5 hxg5 29. hxg5 Rc5 30. Rd5 Rbc6 31. Rxc5 Rxc5 32. Kb3 Rc8 33. f5 Rc4 34. f6+ gxf6 35. gxf6+ Ke6 36. f7 Kxf7 37. Rxd6 Rxe4 38. Rxa6 Ke7 39. Rb6 Kd7 40. Rxb5 Kc6 41. Rb4 Re5 42. a4 Rh5 43. Rb8 Rh1 44. Rb5 Rb1+ 45. Kc4 Ra1 46. Rb4 Ra3 47. Kd3 Ra2 48. Kd4 Ra1 49. c4 Ra3 50. c5 Ra1 51. Rb6+ Kc7 52. Ra6 Rd1+ 53. Kc4 Rc1+ 54. Kb5 Rb1+ 55. Ka5 Rc1 56. Kb4 Rb1+ 57. Ka3 Rc1 58. Ra5 Kc6 59. Kb4 Rb1+ 60. Kc4 Rc1+ 61. Kd4 Rd1+ 62. Ke3 Rd5 63. Ra6+ Kxc5 64. Ra5+ Kc6 65. Rxd5 Kxd5 66. a5 Kc5 67. a6 Kb6 68. a7 Kxa7 1/2-1/2

[Event "Rilton Cup 50th"]
[Site "Stockholm"]
[Date "2022.12.31"]
[Round "5"]
[White "Kolbus, Dietmar"]
[Black "Delgerdalai, Bayarjavkhlan"]
[Result "0-1"]
[WhiteElo "2292"]
[BlackElo "2100"]
[PlyCount "94"]
[EventDate "2022.12.27"]
[EventType "swiss"]
[EventRounds "9"]
[EventCountry "SWE"]
[SourceTitle "CBM 212 Extra"]
[Source "ChessBase"]
[SourceDate "2023.03.31"]
[SourceVersion "1"]
[SourceVersionDate "2023.03.31"]
[SourceQuality "1"]

1. c4 e5 2. Nc3 Nf6 3. Nf3 Nc6 4. e3 Bb4 5. Qc2 Bxc3 6. Qxc3 Qe7 7. d3 d5 8. Be2 0-0 9. a3 e4 10. Nd2 Ne5 11. d4 Nxc4 12. Nxc4 dxc4 13. Bxc4 Be6 14. Be2 Nd5 15. Qc2 f5 16. Bd2 Qg5 17. g3 Rad8 18. Qa4 a6 19. Rc1 Rf7 20. Rc5 Qf6 21. h4 Rfd7 22. Bc1 Qh6 23. Rg1 Bf7 24. Qc2 Re8 25. Rf1 Qd6 26. Rg1 h6 27. h5 Qf6 28. Rh1 Qg5 29. Rh4 c6 30. Kf1 Nf6 31. Qd1 Red8 32. Kg2 Nd5 33. Qh1 Qf6 34. Rc2 Nc7 35. Rc5 Bd5 36. Rc2 Ne6 37. Rc3 a5 38. a4 b6 39. Kh3 c5 40. dxc5 Nxc5 41. Bb5 Bc6 42. Bc4+ Kh8 43. Rf4 Rd1 44. Qg2 Qg5 45. g4 fxg4+ 46. Kg3 Qxh5 47. Be2 Rg1 0-1

[Event "Rilton Cup 50th"]
[Site "Stockholm"]
[Date "2022.12.28"]
[Round "2"]
[White "Joel Paul, Ganta"]
[Black "Kolbus, Dietmar"]
[Result "0-1"]
[WhiteElo "2183"]
[BlackElo "2292"]
[PlyCount "60"]
[EventDate "2022.12.27"]
[EventType "swiss"]
[EventRounds "9"]
[EventCountry "SWE"]
[SourceTitle "CBM 212 Extra"]
[Source "ChessBase"]
[SourceDate "2023.03.31"]
[SourceVersion "1"]
[SourceVersionDate "2023.03.31"]
[SourceQuality "1"]

1. e4 c5 2. Nf3 d6 3. d4 cxd4 4. Nxd4 Nf6 5. Nc3 a6 6. Bg5 e6 7. f4 Be7 8. Qf3 Qc7 9. 0-0-0 Nbd7 10. g4 b5 11. Bxf6 Nxf6 12. g5 Nd7 13. Qh5 g6 14. Qh6 b4 15. Qg7 Rf8 16. Nce2 Bb7 17. Ng3 e5 18. fxe5 Bxg5+ 19. Kb1 dxe5 20. Nb3 Nf6 21. Nf5 Nxe4 22. Qxh7 Nf6 23. Qh3 Bxh1 24. Nbd4 gxf5 25. Nxf5 Rg8 26. Qb3 Rd8 27. Bd3 Be4 28. Ng3 Bxd3 29. cxd3 Bf4 30. Nf5 Qd7 0-1

[Event "Rilton Cup 50th"]
[Site "Stockholm"]
[Date "2022.12.27"]
[Round "1"]
[White "Kolbus, Dietmar"]
[Black "Horvath, Dominik"]
[Result "0-1"]
[WhiteElo "2292"]
[BlackElo "2502"]
[PlyCount "82"]
[EventDate "2022.12.27"]
[EventType "swiss"]
[EventRounds "9"]
[EventCountry "SWE"]
[SourceTitle "CBM 212 Extra"]
[Source "ChessBase"]
[SourceDate "2023.03.31"]
[SourceVersion "1"]
[SourceVersionDate "2023.03.31"]
[SourceQuality "1"]

1. Nf3 d6 2. d4 Nf6 3. c4 g6 4. Nc3 Bg7 5. g3 0-0 6. Bg2 c6 7. 0-0 Qb6 8. h3 Qa6 9. b3 b5 10. cxb5 cxb5 11. b4 Bb7 12. a4 bxa4 13. b5 Qb6 14. Qd3 Rc8 15. Nxa4 Qc7 16. Ne1 Bxg2 17. Nxg2 Nbd7 18. Ne3 e5 19. Bb2 Qb7 20. dxe5 dxe5 21. Ba3 h5 22. Rab1 h4 23. g4 Nf8 24. Bxf8 Bxf8 25. Rfd1 Rc7 26. Nc3 e4 27. Qd4 Bg7 28. Ncd5 Nxd5 29. Qxd5 Rb8 30. Qg5 Rd7 31. Qxh4 Rxd1+ 32. Nxd1 Qd7 33. Ne3 Rxb5 34. Rxb5 Qxb5 35. Qd8+ Bf8 36. Nd5 Qxe2 37. Nf6+ Kg7 38. Qd4 Qd3 39. Ne8+ Kg8 40. Nf6+ Kh8 41. Qxa7 Qd1+ 0-1

[Event "GBR-ch 108th"]
[Site "Torquay"]
[Date "2022.08.18"]
[Round "6"]
[White "Kolbus, Dietmar"]
[Black "Willow, Jonah B"]
[Result "1/2-1/2"]
[WhiteElo "2272"]
[BlackElo "2393"]
[PlyCount "58"]
[EventDate "2022.08.13"]
[EventType "swiss"]
[EventRounds "9"]
[EventCountry "ENG"]
[SourceTitle "CBM 209 Extra"]
[Source "ChessBase"]
[SourceDate "2022.09.30"]
[SourceVersion "1"]
[SourceVersionDate "2022.09.30"]
[SourceQuality "1"]

1. Nf3 d5 2. d4 Nf6 3. c4 dxc4 4. e3 e6 5. Bxc4 a6 6. a4 c5 7. 0-0 Nc6 8. Nc3 b6 9. Qe2 cxd4 10. Rd1 Be7 11. exd4 Nb4 12. Bg5 Nfd5 13. Bxe7 Qxe7 14. Bxd5 exd5 15. Qe5 f6 16. Qf4 0-0 17. Re1 Qd7 18. Qd2 Qd6 19. Na2 Nxa2 20. Rxa2 Bf5 21. Raa1 Be4 22. Re3 Rac8 23. Ne1 Rc6 24. a5 Rfc8 25. axb6 Rxb6 26. Rea3 Rc4 27. f3 Bg6 28. b3 Rcc6 29. Nd3 Bxd3 1/2-1/2

[Event "GBR-ch 108th"]
[Site "Torquay"]
[Date "2022.08.15"]
[Round "3"]
[White "Kolbus, Dietmar"]
[Black "Finn, Peter"]
[Result "1/2-1/2"]
[WhiteElo "2272"]
[BlackElo "2033"]
[PlyCount "172"]
[EventDate "2022.08.13"]
[EventType "swiss"]
[EventRounds "9"]
[EventCountry "ENG"]
[SourceTitle "CBM 209 Extra"]
[Source "ChessBase"]
[SourceDate "2022.09.30"]
[SourceVersion "1"]
[SourceVersionDate "2022.09.30"]
[SourceQuality "1"]

1. c4 c6 2. b3 d5 3. Bb2 Bf5 4. Nf3 e6 5. g3 h6 6. Bg2 Nf6 7. 0-0 Nbd7 8. d3 Be7 9. Nbd2 0-0 10. a3 a5 11. Ra2 Re8 12. Qa1 Bh7 13. Ne5 c5 14. Ndf3 Ra6 15. Nxd7 Qxd7 16. Ne5 Qc7 17. f4 d4 18. e3 Nd7 19. Nxd7 Qxd7 20. e4 Rb6 21. Qd1 a4 22. bxa4 Ra8 23. Bc1 Qxa4 24. Qxa4 Rxa4 25. Rb2 Rxb2 26. Bxb2 Ra6 27. Kf2 Rb6 28. Rb1 f5 29. e5 Bg6 30. Bf3 Be8 31. Bd1 g5 32. Bc2 Kg7 33. Bd1 gxf4 34. gxf4 Bh4+ 35. Kf1 Bc6 36. Bc2 Bf3 37. a4 Be7 38. Kf2 Bg4 39. Kg3 Kf7 40. a5 Rb4 41. Kf2 Ke8 42. Kg3 Kd7 43. Kf2 Bh4+ 44. Kf1 Kc6 45. Bc1 Rxb1 46. Bxb1 Bd1 47. Bd2 Bd8 48. Ke1 Ba4 49. Ke2 Kd7 50. Be1 Kc8 51. Ba2 Kb8 52. a6 b6 53. Kd2 Ka7 54. Kc1 Kxa6 55. Bf2 Kb7 56. Bb1 Kc6 57. Kd2 Bb3 58. Kc1 b5 59. cxb5+ Kxb5 60. Kb2 Ka4 61. Bc2 Bxc2 62. Kxc2 Ba5 63. Bh4 Kb5 64. Bf2 Kc6 65. Bh4 Kd5 66. Bf2 c4 67. Bh4 Bb4 68. Bf6 Bf8 69. Kd2 c3+ 70. Kc2 h5 71. Bg5 Bg7 72. Kd1 Bxe5 73. fxe5 Kxe5 74. Bc1 Kd5 75. Ke2 e5 76. Bg5 e4 77. Bf4 e3 78. Kd1 Ke6 79. h4 Kd5 80. Bg3 Kc5 81. Be5 Kd5 82. Bg3 Ke6 83. Bf4 Kf6 84. Bg3 Ke6 85. Bf4 Kd5 86. Bg3 Ke6 1/2-1/2

[Event "Wroclaw op-A"]
[Site "Wroclaw"]
[Date "2022.08.06"]
[Round "8"]
[White "Kolbus, Dietmar"]
[Black "Dobrowolski, Aleksander"]
[Result "1-0"]
[WhiteElo "2285"]
[BlackElo "2219"]
[PlyCount "79"]
[EventDate "2022.07.31"]
[EventType "swiss"]
[EventRounds "9"]
[EventCountry "POL"]
[SourceTitle "CBM 209 Extra"]
[Source "ChessBase"]
[SourceDate "2022.09.30"]
[SourceVersion "1"]
[SourceVersionDate "2022.09.30"]
[SourceQuality "1"]

1. c4 g6 2. d4 Nf6 3. Nc3 Bg7 4. e4 d6 5. f3 0-0 6. Be3 c5 7. Nge2 Nc6 8. Qd2 cxd4 9. Nxd4 Nxd4 10. Bxd4 Be6 11. Rc1 Qa5 12. Be2 a6 13. Be3 Rfc8 14. Nd5 Qxd2+ 15. Kxd2 Nxd5 16. cxd5 Bd7 17. b3 Bb2 18. Rc2 Rxc2+ 19. Kxc2 Ba3 20. Bb6 Rc8+ 21. Bc4 Bb5 22. Kd3 Bc5 23. Bxc5 Bxc4+ 24. bxc4 Rxc5 25. a4 Ra5 26. Rb1 Rxa4 27. Rxb7 Kf8 28. f4 Ra2 29. Rb8+ Kg7 30. Re8 Rxg2 31. e5 Rxh2 32. Rxe7 dxe5 33. fxe5 Kf8 34. Ra7 h5 35. d6 Rh1 36. Ra8+ Kg7 37. Rxa6 h4 38. Ra2 h3 39. c5 Rc1 40. c6 1-0

[Event "Wroclaw op-A"]
[Site "Wroclaw"]
[Date "2022.08.04"]
[Round "6"]
[White "Kolbus, Dietmar"]
[Black "Bogdanov, Egor"]
[Result "1/2-1/2"]
[WhiteElo "2285"]
[BlackElo "2382"]
[PlyCount "101"]
[EventDate "2022.07.31"]
[EventType "swiss"]
[EventRounds "9"]
[EventCountry "POL"]
[SourceTitle "CBM 209 Extra"]
[Source "ChessBase"]
[SourceDate "2022.09.30"]
[SourceVersion "1"]
[SourceVersionDate "2022.09.30"]
[SourceQuality "1"]

1. Nf3 b6 2. b3 Bb7 3. Bb2 Nf6 4. c4 e6 5. e3 Be7 6. Be2 0-0 7. 0-0 d5 8. d4 c5 9. Nc3 dxc4 10. Bxc4 cxd4 11. Nxd4 Nc6 12. Nxc6 Bxc6 13. Qe2 Qc7 14. Bb5 Bxb5 15. Nxb5 Qb7 16. Rac1 Rac8 17. Rfd1 a6 18. Nd4 Nd5 19. Nf3 b5 20. e4 Nf6 21. Bxf6 Bxf6 22. h4 Rxc1 23. Rxc1 Rc8 24. Rd1 h5 25. g3 g6 26. Kg2 Rc3 27. Rd3 Qc6 28. Rxc3 Qxc3 29. Qd2 Qxd2 30. Nxd2 Kf8 31. Nf1 Bd4 32. Kf3 Ke7 33. Ne3 Kd6 34. Nc2 Bc5 35. Ke2 Ke5 36. f3 f5 37. exf5 exf5 38. f4+ Ke4 39. a4 Bd6 40. axb5 axb5 41. b4 Be7 42. Na3 Bxb4 43. Nxb5 Kd5 44. Nc7+ Kd6 45. Nb5+ Kd5 46. Nc7+ Kc4 47. Ne6 Be7 48. Ke3 Kd5 49. Nc7+ Kc6 50. Ne6 Kd5 51. Nc7+ 1/2-1/2

[Event "Wroclaw op-A"]
[Site "Wroclaw"]
[Date "2022.08.03"]
[Round "5"]
[White "Djuric, Stefan"]
[Black "Kolbus, Dietmar"]
[Result "1/2-1/2"]
[WhiteElo "2277"]
[BlackElo "2285"]
[PlyCount "59"]
[EventDate "2022.07.31"]
[EventType "swiss"]
[EventRounds "9"]
[EventCountry "POL"]
[SourceTitle "CBM 209 Extra"]
[Source "ChessBase"]
[SourceDate "2022.09.30"]
[SourceVersion "1"]
[SourceVersionDate "2022.09.30"]
[SourceQuality "1"]

1. e4 e5 2. Nf3 Nf6 3. Nxe5 d6 4. Nf3 Nxe4 5. d4 d5 6. Bd3 Bf5 7. 0-0 Be7 8. Re1 Nc6 9. Nc3 Nxc3 10. bxc3 Bxd3 11. Qxd3 0-0 12. Rb1 Rb8 13. Bf4 h6 14. c4 dxc4 15. Qxc4 Bd6 16. Be3 Ne7 17. Qa4 Qe8 18. Qxa7 Qc6 19. Ne5 Qxc2 20. Rec1 Qe4 21. Nd7 Nc6 22. Qa4 Ra8 23. Qb5 Rfe8 24. Qxb7 Nxd4 25. Qxe4 Rxe4 26. Kf1 Nf5 27. Bc5 Rea4 28. Bxd6 Nxd6 29. Rc2 Rxa2 30. Ra1 1/2-1/2

[Event "Biel HTO 55th"]
[Site "Biel"]
[Date "2022.07.13"]
[Round "1"]
[White "Kolbus, Dietmar"]
[Black "Yu, Yangyi"]
[Result "0-1"]
[WhiteElo "2285"]
[BlackElo "2720"]
[PlyCount "68"]
[EventDate "2022.07.13"]
[EventType "swiss"]
[EventRounds "9"]
[EventCountry "SUI"]
[SourceTitle "CBM 209 Extra"]
[Source "ChessBase"]
[SourceDate "2022.09.30"]
[SourceVersion "1"]
[SourceVersionDate "2022.09.30"]
[SourceQuality "1"]

1. d4 Nf6 2. c4 e6 3. Nf3 b6 4. g3 Ba6 5. Qa4 Bb7 6. Bg2 c5 7. 0-0 cxd4 8. Nxd4 Bxg2 9. Kxg2 Be7 10. Nc3 0-0 11. Bg5 Qc7 12. Rac1 Rc8 13. Nf3 h6 14. Bxf6 Bxf6 15. Nd2 Nc6 16. Kg1 a6 17. Qd1 Ne5 18. b3 b5 19. cxb5 axb5 20. a4 bxa4 21. Nxa4 Qb7 22. Rxc8+ Rxc8 23. Qb1 Qb5 24. Re1 d5 25. Kg2 h5 26. Nf3 Nxf3 27. Kxf3 Rb8 28. Rd1 d4 29. e4 dxe3 30. Kxe3 Qc6 31. h4 Rb5 32. Rd3 Qg2 33. Ke2 Qe4+ 34. Kd2 Qxa4 0-1